| 000 | 00589nam a22002297a 4500 | ||
|---|---|---|---|
| 003 | UA-OsUOA | ||
| 001 | 103342 | ||
| 007 | ta | ||
| 008 | 20131029b un ||||| |||| 00| 0 ukr d | ||
| 100 | _aСекст Э. | ||
| 090 |
_a1(091)"652" _bС28 |
||
| 942 | _cBK | ||
| 040 |
_aUA-OsUOA _brus _cUA-OsUOA _dUA-OsUOA |
||
| 245 |
_aСочинения в двух томах _b1 |
||
| 300 | _a399 с. | ||
| 955 | _a2 | ||
| 041 | _arus | ||
| 080 | _a1(091)"652" | ||
| 260 |
_aМ. _bМысль _c1976 |
||
| 650 | 7 |
_a1(091) Історія філософії _2UDC |
|
| 999 |
_c389990 _d389990 |
||